¿Qué es el derecho a la igualdad? / (Registro nro. 3819)

Detalles MARC
000 -LEADER
fixed length control field 00907nam a2200241Ia 4500
003 - CONTROL NUMBER IDENTIFIER
control field OSt
005 - DATE AND TIME OF LATEST TRANSACTION
control field 20200417233350.0
008 - FIXED-LENGTH DATA ELEMENTS--GENERAL INFORMATION
fixed length control field 191128s2016 ck gr 000 0 spa d
020 ## - INTERNATIONAL STANDARD BOOK NUMBER
International Standard Book Number 9789588571867
040 ## - CATALOGING SOURCE
Original cataloging agency CO-JMCR
Transcribing agency CO-JMCR
041 0# - LANGUAGE CODE
Language code of text/sound track or separate title spa
082 04 - DEWEY DECIMAL CLASSIFICATION NUMBER
Classification number 323.42986 /
Item number L925q
Edition number 23
100 1# - MAIN ENTRY--PERSONAL NAME
Personal name Lozano Bedoya, Carlos Augusto,
Relator term autor
9 (RLIN) 3199
245 11 - TITLE STATEMENT
Title ¿Qué es el derecho a la igualdad? /
Statement of responsibility, etc. Carlos Augusto Lozano Bedoya
260 ## - PUBLICATION, DISTRIBUTION, ETC.
Place of publication, distribution, etc. Bogotá :
Name of publisher, distributor, etc. Defensoria del pueblo,
Date of publication, distribution, etc. 2016
300 ## - PHYSICAL DESCRIPTION
Extent 190 Páginas ;
Dimensions 24 cm.
490 0# - SERIES STATEMENT
Series statement Colección básica derechos humanos
504 ## - BIBLIOGRAPHY, ETC. NOTE
Bibliography, etc. note Bibliografía: páginas 189-191
505 0# - FORMATTED CONTENTS NOTE
Formatted contents note Respuestas a sus preguntas -- Marco jurídico referencial -- Qué dicen las cortes -- Doctrina -- Casos -- Preguntas para reflexionar
650 14 - SUBJECT ADDED ENTRY--TOPICAL TERM
Topical term or geographic name entry element Igualdad de los derechos humanos
Geographic subdivision Colombia
9 (RLIN) 3200
650 14 - SUBJECT ADDED ENTRY--TOPICAL TERM
Topical term or geographic name entry element Derechos humanos
Geographic subdivision Colombia
9 (RLIN) 3201
942 ## - ADDED ENTRY ELEMENTS (KOHA)
Source of classification or shelving scheme Dewey Decimal Classification
Koha item type Books
Existencias
Withdrawn status Lost status Source of classification or shelving scheme Damaged status Not for loan Collection code Home library Current library Date acquired Source of acquisition Cost, normal purchase price Total Checkouts Full call number Barcode Date last seen Date last checked out Copy number Koha item type
    Dewey Decimal Classification     Non-fiction Biblioteca Pública José María del Castillo y Rada Biblioteca Pública José María del Castillo y Rada 04/15/2018 Donación 0.00 1 323.42986 / L925q 201808302 05/28/2024 05/28/2024 Ej.1 Books